000 00514nam a2200181Ia 4500
001 1780
005 20260306143753.0
008 260306t2017||||xx |||||||||||||| ||spa||
041 _aESP
082 _a155.3
_bL88
100 _aLópez Sánchez, Félix
_eAUT
245 0 _aEducación sexual y ética de las relaciones sexuales y amorosas:
_bcómo trabajar en favor del placer y el bienestar
260 _c2017
300 _a219 páginas :
_c23 cm.
650 _aGEN
654 _aCPS
942 _cLIB
_dJUS
_fJUS
_2ddc
_n
999 _c1780
_d1780